| 000 | 00798nam a2200265Ia 4500 | ||
|---|---|---|---|
| 003 | OSt | ||
| 005 | 20220925215208.0 | ||
| 006 | a|||||r|||| 00| 0 | ||
| 007 | ta | ||
| 008 | 220923b |||||||| |||| 00| 0 eng d | ||
| 037 | _cGeneral Book | ||
| 040 |
_aRTL _cRTL _beng |
||
| 041 |
_2eng _aeng |
||
| 082 | _aY12:45.3.N7, L7 | ||
| 100 |
_aWest D J _989315 |
||
| 245 | 0 |
_aDelinquent way of life _b Third report of the cambridge |
|
| 260 |
_aLondon _bHeinemann _c1977 |
||
| 300 |
_aix, 209p _ccm. |
||
| 490 | _aCambridge Studies in Criminology. Ed by Sir Leon Radzinowica.35 | ||
| 500 | _aAppendix P 165-195 | ||
| 650 | _aYouth | ||
| 700 |
_a Farrington D P _9282382 |
||
| 942 |
_hY12:45.3.N7, L7 _cGB _2CC |
||
| 999 |
_c568193 _d568193 |
||